Statistics for State Capitals Closest to Little Rock

Click here to take the quiz!

General Stats

  • This quiz has been taken 53 times
  • The average score is 8 of 10

Answer Stats

HintAnswer% Correct
299.8Oklahoma City
97%
443Austin
94%
207.6Jackson
91%
264.7Jefferson City
91%
324.1Nashville
91%
303.2Baton Rouge
88%
351.5Topeka
84%
381.6Montgomery
81%
456.4Atlanta
69%
377.4Springfield
63%

Score Distribution

Percentile by Number Answered

Percent of People with Each Score

Your Score History

You have not taken this quiz